Catálogo
 En Linea

Ganadores, 1983 : (Registro nro. 4974)

Detalles MARC
000 -CABECERA
campo de control de longitud fija 01107cam a2200217 a 4500
001 - NÚMERO DE CONTROL
campo de control 000005171
005 - FECHA Y HORA DE LA ÚLTIMA TRANSACCIÓN
campo de control 20200929151610.0
008 - DATOS DE LONGITUD FIJA--INFORMACIÓN GENERAL
campo de control de longitud fija 841127s1983 ck b 001 0 spa
040 ## - FUENTE DE LA CATALOGACIÓN
Centro catalogador/agencia de origen DO-SdBNP
Lengua de catalogación spa
Centro/agencia modificador BNPHU
082 ## - NÚMERO DE LA CLASIFICACIÓN DECIMAL DEWEY
Número de clasificación 923.587
Número de documento/Ítem G195c
245 00 - MENCIÓN DE TÍTULO
Título Ganadores, 1983 :
Resto del título Concurso "El Maestro tiene la Palabra".
260 ## - PUBLICACIÓN, DISTRIBUCIÓN, ETC.
Lugar de publicación, distribución, etc. Medellin, Colombia :
Nombre del editor, distribuidor, etc. Cacharreria Mundial,
Fecha de publicación, distribución, etc. 1983.
300 ## - DESCRIPCIÓN FÍSICA
Extensión 128 p. ;
Dimensiones 18 cm.
500 ## - NOTA GENERAL
Nota general Bicentenario del nacimiento del libertador.
500 ## - NOTA GENERAL
Nota general Campaña educativa "El maestro tiene la palabra".
505 0# - NOTA DE CONTENIDO CON FORMATO
Nota de contenido con formato El pensamiento del Libertador sobre la educación, la ciencia y la cultura / Pilar Zarama de la Espriella -- Bolívar y sus maestros / Rafael R. Guerra -- Mi espada y mi corazón-- / Luz Dary Marin.
600 14 - PUNTO DE ACCESO ADICIONAL DE MATERIA--NOMBRE DE PERSONA
Nombre de persona BOLÍVAR, SIMÓN,
Fechas asociadas al nombre 1783-1830
Subdivisión general ENSAYOS, CONFERENCIAS, ETC..
9 (RLIN) 14802
700 1# - PUNTO DE ACCESO ADICIONAL--NOMBRE DE PERSONA
Nombre de persona Zarama de la Espriella, Pilar.
Título de la obra Pensamiento del Libertador sobre la educación, la ciencia y la cultura.
Fecha de publicación/de la obra 1983.
9 (RLIN) 14803
700 1# - PUNTO DE ACCESO ADICIONAL--NOMBRE DE PERSONA
Nombre de persona Guerra, Rafael R.
Título de la obra Bolívar y sus maestros.
Fecha de publicación/de la obra 1983.
9 (RLIN) 14804
700 1# - PUNTO DE ACCESO ADICIONAL--NOMBRE DE PERSONA
Nombre de persona Dary Marín, Luz.
Título de la obra Mi espada y mi corazón--.
Fecha de publicación/de la obra 1983.
9 (RLIN) 14805
Existencias
Estado de retiro Estado de pérdida Restricciones de uso No para préstamo Código de colección Localización permanente Ubicación/localización actual Ubicación en estantería Fecha de adquisición Número de inventario Total de préstamos Signatura topográfica completa Código de barras Fecha visto por última vez Precio válido a partir de Tipo de ítem Koha
    Préstamo interno   Monografías: Libros y Folletos General General En catalogación 29.07.2009 LF1   923.587 G195c 5171-10 25.06.2020 25.06.2020 Préstamo interno

Con tecnología Koha